000 00541nam a22001937a 4500
003 IBSLLIB
005 20260511103320.0
008 260511b |||||||| |||| 00| 0 eng d
020 _a8120314360
040 _aIBSLLIB
_beng
041 _hEng
082 _a658.4
_bGAR
100 _aGarg , Kumar Vinod
245 _aEnterprice Resource Planning :
_bConcepts and Practice
260 _aDelhi :
_bPrentice hall of India private Limited ,
_c1999
300 _a153 p ;
_c24 cm
700 _aVenkitakrishnan , N.K.
_eCoo Author
942 _cLBK
999 _c22104
_d22104